000 01073nam a22002537a 4500
001 6824
003 FISKH
005 20250529145901.0
008 250529b cb ||||| |||| 00| 0 eng d
020 _a9780743262026
040 _aFISKH
_beng
_cFISKH
_dFISKH
050 _aE887.C55 A3
082 _a973.929092
100 _aClinton, Hillary Rodham
245 _aLiving history /
_cBy Hillary Rodham Clinton
250 _aFirst scribner mass market paperback export edition 2004
260 _aNew York :
_bScribner ,
_c2003.
300 _a846 pages :
_billustrations ;
_c18 cm .
520 _a[The author writes] about her upbringing in suburban, middle-class America in the 1950s and her transformation from Goldwater Girl to student activist to controversial First Lady. [This book] is her revealing memoir of life through the White House years. It is also her chronicle of living history with Bill Clinton. -Dust jacket.
650 _aClinton, Hillary Rodham
_vNon-fiction
650 _aClinton, Bill, 1946
_vNon-fiction
942 _2ddc
_cBK
_n0
999 _c6824
_d6824